| Tag |
First Indicator |
Second Indicator |
Subfields |
| LEADER |
00000cam a22000001i 4500 |
| 001 |
in00004134708 |
| 005 |
20200117091011.0 |
| 006 |
m d f |
| 007 |
cr bn mmmapmmp |
| 008 |
091109s1981 dcu o f000 0 eng d |
| 035 |
|
|
|a cis2007529192
|
| 040 |
|
|
|a UMI
|b eng
|e rda
|c UMI
|d UtOrBLW
|
| 043 |
|
|
|a n-us---
|
| 110 |
1 |
|
|a United States.
|b Congress.
|b Senate.
|b Committee on Agriculture, Nutrition, and Forestry,
|e issuing body.
|0 http://id.loc.gov/authorities/names/n78080632
|
| 245 |
1 |
0 |
|a Budget Reconciliation Package.
|
| 264 |
|
1 |
|a [Washington :
|b U.S. G.P.O.],
|c 1981.
|
| 300 |
|
|
|a 108 pages, digital, PDF file.
|
| 336 |
|
|
|a text
|2 rdacontent
|b txt
|
| 337 |
|
|
|a computer
|b c
|2 rdamedia
|
| 338 |
|
|
|a online resource
|2 rdacarrier
|b cr
|
| 500 |
|
|
|a Record is based on bibliographic data in ProQuest Congressional Hearings Digital Collection (last viewed July 2018) Reuse except for individual research requires license from ProQuest, LLC.
|
| 520 |
|
|
|a Contains transcript of continuation of Committee markup session on S. 944 and other bills to reduce budget authority and outlays for FY81-FY84 farm and food programs under Committee jurisdiction, as required under the reconciliation process established by the FY82 first concurrent budget resolution.
|
| 538 |
|
|
|a System requirements: PDF reader software.
|
| 500 |
|
|
|a Electronic resource.
|
| 650 |
|
0 |
|a Budget
|z United States.
|0 http://id.loc.gov/authorities/subjects/sh85017604
|
| 650 |
|
0 |
|a Agriculture.
|0 http://id.loc.gov/authorities/subjects/sh85002415
|
| 650 |
|
0 |
|a Farms.
|0 http://id.loc.gov/authorities/subjects/sh85047299
|
| 730 |
0 |
|
|a ProQuest U.S. Congressional Hearings Digital Collection.
|
| 776 |
0 |
8 |
|a United States. Congress. Senate. Committee on Agriculture, Nutrition, and Forestry.
|t Budget Reconciliation Package.
|o 97 SAg-T.18
|
| 856 |
4 |
0 |
|u http://proxy.library.tamu.edu/login?url=http://congressional.proquest.com/congcomp/getdoc?HEARING-ID=HRG-1981-ANF-0049
|y Electronic resource (PDF)
|t 0
|
| 999 |
f |
f |
|s f2ab4112-8ed6-3c4e-9fe9-026637758105
|i 6f010432-9a0b-364b-8f4e-b152e2675ebf
|t 0
|
| 952 |
f |
f |
|a Texas A&M University
|b College Station
|c Electronic Resources
|d Available Online
|t 0
|h No information provided
|
| 998 |
f |
f |
|t 0
|l Available Online
|